Histoire des classes privilégiées dans les temps anciens / (Record no. 181256)

MARC details
000 -LEADER
campo de control de longitud fija 00631nam a2200181 i 4500
001 - NÚMERO DE CONTROL
campo de control 181256
003 - IDENTIFICADOR DE NÚMERO DE CONTROL
campo de control ES-MaACL
005 - FECHA Y HORA DE LA ÚLTIMA TRANSACCIÓN
campo de control 20230906221319.0
008 - DATOS DE LONGITUD FIJA--INFORMACIÓN GENERAL
campo de control de longitud fija 121121s1861 fr |||| | fre d
100 1# - ENTRADA PRINCIPAL--NOMBRE DE PERSONA
Nombre de persona Givodan, Leon
Títulos y otros términos asociados al nombre Comte de.
9 (RLIN) 151852
245 10 - MENCIÓN DEL TÍTULO
Título Histoire des classes privilégiées dans les temps anciens /
Mención de responsabilidad, etc. par Léon de Givodan.
260 ## - PUBLICACIÓN, DISTRIBUCIÓN, ETC.
Lugar de publicación, distribución, etc. Paris :
Nombre del editor, distribuidor, etc. Au Collége Héraldique,
Fecha de publicación, distribución, etc. 1861 (
Lugar de fabricación/manufactura Abbeville :
Fabricante Imp. R. Housse)
300 ## - DESCRIPCIÓN FÍSICA
Extensión 1 v. (IV, 331; 436 p.) ;
Dimensiones 18 cm.
500 ## - NOTA GENERAL
Nota general 2 tomos en 1 vol.
650 #4 - PUNTO DE ACCESO ADICIONAL DE MATERIA--TÉRMINO DE MATERIA
Término de materia o nombre geográfico como elemento de entrada Aristocracia-
Subdivisión de forma Historia.
9 (RLIN) 151853
650 #4 - PUNTO DE ACCESO ADICIONAL DE MATERIA--TÉRMINO DE MATERIA
Término de materia o nombre geográfico como elemento de entrada Nobleza-
Subdivisión de forma Historia.
9 (RLIN) 151854
852 ## - LOCALIZACIÓN
Ubicación ES-MaACL
Número de control de estantería G-8822
Holdings
Estatus retirado Estado de pérdida Estado de daño No para préstamo Colección Biblioteca de origen Biblioteca actual Ubicación en estantería Fecha de adquisición Fuente de adquisición Total de préstamos Signatura topográfica completa Código de barras Visto por última vez Precio de reemplazo Tipo de ítem Koha
        Libros del s. XIX Biblioteca del Ateneo de Madrid Biblioteca del Ateneo de Madrid Sala Pecera Planta 3 21/11/2012     G-8822 1190474 23/02/2023 23/02/2023 Libro impreso antiguo